000 00574nam a2200193Ia 4500
005 20250508164916.0
008 008 250505s9999 xx 000 0 eng d
037 _aDissertations
040 _aFEDL
_beng
_cFEDL
041 _aeng
_2eng
084 _a371.3, KAL/DI
_qFEDL
100 _aKalani Ritu
_9779500
245 0 _aStudy of the quality of work experience programme in primary schools of Delhi
260 _c1999
300 _a95p.
546 _aM. Ed. Dissertation (Delhi University)
942 _cDIS
_h371.3, KAL/DI
999 _c1391946
_d1391946